[Event "Sueca op 6th"]
[Site "Sueca"]
[Date "2022.07.30"]
[Round "8"]
[White "Fenollar Jorda, Manuel"]
[Black "Montalban Galvez, Antonio"]
[Result "1/2-1/2"]
[WhiteElo "2373"]
[BlackElo "2197"]
[PlyCount "91"]
[EventDate "2022.07.25"]
[EventType "swiss"]
[EventRounds "9"]
[EventCountry "ESP"]
[SourceTitle "CBM 209 Extra"]
[Source "ChessBase"]
[SourceDate "2022.09.30"]
[SourceVersion "1"]
[SourceVersionDate "2022.09.30"]
[SourceQuality "1"]

1. e4 c5 2. Nf3 e6 3. g3 b6 4. Bg2 Bb7 5. d3 d6 6. 0-0 Nf6 7. Re1 Nc6 8. c3 Be7 9. d4 cxd4 10. cxd4 d5 11. e5 Ne4 12. Nbd2 Nxd2 13. Bxd2 Rc8 14. Bf1 a6 15. Bd3 b5 16. Qe2 Qb6 17. Rac1 0-0 18. Qe3 Rce8 19. Bb1 f6 20. exf6 Bxf6 21. Qd3 g6 22. Be3 Bg7 23. Ne5 Bxe5 24. dxe5 d4 25. Bg5 Rf5 26. Bf6 Rf8 27. Qd2 d3 28. Re3 Nd4 29. Bxd3 Nf3+ 30. Rxf3 Rxf3 31. Bf1 Rf5 32. Bh3 R5xf6 33. exf6 Rxf6 34. Bg2 Bxg2 35. Kxg2 Rf8 36. h4 Rd8 37. Qh6 Qb7+ 38. Kh2 Qf3 39. Rc2 Qf5 40. Re2 Qf3 41. Qe3 Qxe3 42. Rxe3 Rd2 43. Kg2 Rxb2 44. Ra3 Kf7 45. Rxa6 h5 46. Kf3 1/2-1/2

[Event "Sueca op 6th"]
[Site "Sueca"]
[Date "2022.07.28"]
[Round "5"]
[White "Fenollar Jorda, Manuel"]
[Black "Gavarrete, Nahun"]
[Result "0-1"]
[WhiteElo "2373"]
[BlackElo "2351"]
[PlyCount "122"]
[EventDate "2022.07.25"]
[EventType "swiss"]
[EventRounds "9"]
[EventCountry "ESP"]
[SourceTitle "CBM 209 Extra"]
[Source "ChessBase"]
[SourceDate "2022.09.30"]
[SourceVersion "1"]
[SourceVersionDate "2022.09.30"]
[SourceQuality "1"]

1. d4 Nf6 2. Nc3 d5 3. Nf3 g6 4. Bf4 a6 5. e3 Bg7 6. h3 0-0 7. Bd3 c5 8. 0-0 Nc6 9. dxc5 Qa5 10. Nd2 Qxc5 11. e4 dxe4 12. Ndxe4 Nxe4 13. Nxe4 Qb4 14. Rb1 Bf5 15. Bd2 Qb6 16. Qe2 Rad8 17. Rfd1 Nb4 18. Bxb4 Qxb4 19. a3 Qb6 20. b3 Rd4 21. Ng3 Bxd3 22. Rxd3 Rxd3 23. Qxd3 Rd8 24. Qe2 Qd6 25. a4 Bd4 26. Nf1 Bc5 27. Re1 Bb4 28. Rb1 Qf4 29. Rd1 Rxd1 30. Qxd1 Bc5 31. Qd2 Qe5 32. Ne3 Qa1+ 33. Qd1 Qc3 34. Nc4 Kg7 35. Qd2 Qa1+ 36. Kh2 b5 37. axb5 axb5 38. Ne3 Qe5+ 39. Kg1 h5 40. c4 Qa1+ 41. Nf1 b4 42. Qd5 Bd4 43. c5 e6 44. Qc4 Qc3 45. c6 Qxc4 46. bxc4 Bb6 47. Nd2 Kf6 48. Nb3 Ke5 49. Kf1 Bc7 50. Ke2 Kd6 51. g4 hxg4 52. hxg4 Kxc6 53. Kd3 Bb6 54. f3 Kd6 55. Ke4 f5+ 56. gxf5 exf5+ 57. Kf4 Ke6 58. Kg5 Kf7 59. Kf4 Kf6 60. c5 Bc7+ 61. Ke3 Ke5 0-1

[Event "Sueca op 6th"]
[Site "Sueca"]
[Date "2022.07.27"]
[Round "4"]
[White "Cortes Marti, Javier"]
[Black "Fenollar Jorda, Manuel"]
[Result "0-1"]
[WhiteElo "1996"]
[BlackElo "2373"]
[PlyCount "38"]
[EventDate "2022.07.25"]
[EventType "swiss"]
[EventRounds "9"]
[EventCountry "ESP"]
[SourceTitle "CBM 209 Extra"]
[Source "ChessBase"]
[SourceDate "2022.09.30"]
[SourceVersion "1"]
[SourceVersionDate "2022.09.30"]
[SourceQuality "1"]

1. d4 d5 2. c4 e6 3. Nc3 Nf6 4. Nf3 a6 5. a4 Nc6 6. Bg5 dxc4 7. e3 Na5 8. Ne5 c5 9. Nxc4 cxd4 10. exd4 Be7 11. Be2 Nxc4 12. Bxc4 Bd7 13. 0-0 0-0 14. Qe2 Bc6 15. Rfd1 Re8 16. Rd2 Nd5 17. Bxe7 Rxe7 18. Qg4 Rc8 19. Ne4 f5 0-1

[Event "Sueca op 6th"]
[Site "Sueca"]
[Date "2022.07.26"]
[Round "2"]
[White "Gutierrez Marco, Dario"]
[Black "Fenollar Jorda, Manuel"]
[Result "0-1"]
[WhiteElo "1932"]
[BlackElo "2373"]
[PlyCount "86"]
[EventDate "2022.07.25"]
[EventType "swiss"]
[EventRounds "9"]
[EventCountry "ESP"]
[SourceTitle "CBM 209 Extra"]
[Source "ChessBase"]
[SourceDate "2022.09.30"]
[SourceVersion "1"]
[SourceVersionDate "2022.09.30"]
[SourceQuality "1"]

1. b4 Nf6 2. Bb2 e6 3. b5 a6 4. a4 d5 5. e3 c5 6. c4 Be7 7. Nf3 0-0 8. Be2 axb5 9. axb5 Rxa1 10. Bxa1 Nbd7 11. 0-0 dxc4 12. Bxc4 Nb6 13. Be2 Nbd5 14. Nc3 b6 15. d4 Bb7 16. Nxd5 exd5 17. dxc5 bxc5 18. Qc2 Qb6 19. Ng5 Ra8 20. Bxf6 Bxf6 21. Qxh7+ Kf8 22. Qf5 Bxg5 23. Qxg5 c4 24. e4 Qxb5 25. exd5 Qxd5 26. Qg3 Qc5 27. Qh4 c3 28. Qh8+ Ke7 29. Qh4+ Kf8 30. Qh8+ Ke7 31. Qh4+ g5 32. Qg4 c2 33. Bc4 Kf8 34. Re1 Qe5 35. Rxe5 Ra1+ 36. Bf1 Rxf1+ 37. Kxf1 c1Q+ 38. Ke2 Qb2+ 39. Kd1 Qxe5 40. Qb4+ Qe7 41. Qd4 Kg8 42. Qg4 Qd6+ 43. Kc2 Qc6+ 0-1

[Event "La Nucia Blitz op"]
[Site "La Nucia"]
[Date "2020.10.31"]
[Round "5"]
[White "Fenollar Jorda, Manuel"]
[Black "Giaccio, Alfredo Gustavo"]
[Result "1-0"]
[WhiteElo "2274"]
[BlackElo "2472"]
[PlyCount "55"]
[EventDate "2020.10.31"]
[EventType "swiss (blitz)"]
[EventRounds "8"]
[EventCountry "ESP"]
[SourceTitle "EXT 2023"]
[Source "ChessBase"]
[SourceDate "2022.10.05"]
[SourceVersion "1"]
[SourceVersionDate "2022.10.05"]
[SourceQuality "1"]

1. d4 e6 2. Nf3 f5 3. Bg5 Be7 4. Bxe7 Qxe7 5. Nbd2 Nf6 6. e3 b6 7. Bd3 Bb7 8. Qe2 Ne4 9. 0-0-0 d6 10. Rhg1 Nd7 11. Ne1 0-0-0 12. f3 Nxd2 13. Rxd2 Kb8 14. e4 Qf6 15. c3 Rhe8 16. Nc2 e5 17. d5 Nc5 18. Bb5 Rf8 19. Nb4 fxe4 20. fxe4 Qf4 21. Re1 a5 22. Nc6+ Bxc6 23. Bxc6 a4 24. b4 axb3 25. axb3 Nxb3+ 26. Kc2 Qxd2+ 27. Qxd2 Nxd2 28. Ra1 1-0

[Event "Cocentaina op 11th"]
[Site "Cocentaina"]
[Date "2020.10.25"]
[Round "9"]
[White "Fenollar Jorda, Manuel"]
[Black "Granero Roca, Antonio"]
[Result "0-1"]
[WhiteElo "2274"]
[BlackElo "2375"]
[PlyCount "94"]
[EventDate "2020.10.25"]
[EventType "tourn (blitz)"]
[EventRounds "9"]
[EventCountry "ESP"]
[SourceTitle "EXT 2024"]
[Source "ChessBase"]
[SourceDate "2023.10.10"]
[SourceVersion "1"]
[SourceVersionDate "2023.10.10"]
[SourceQuality "1"]

1. d4 Nf6 2. Nf3 g6 3. Bg5 Bg7 4. Nbd2 d5 5. e3 0-0 6. Bd3 c6 7. 0-0 Bf5 8. Bxf5 gxf5 9. Bxf6 Bxf6 10. c4 e6 11. Qb3 Qb6 12. Rfc1 Nd7 13. cxd5 cxd5 14. Qxb6 Nxb6 15. Rc7 Rab8 16. Rac1 Rfc8 17. Kf1 Rxc7 18. Rxc7 Bd8 19. Rc2 Kf8 20. Ke2 Ke8 21. Ne5 Nd7 22. Ndf3 Nxe5 23. Nxe5 f6 24. Nd3 b6 25. h3 Kd7 26. Nf4 Be7 27. Rc1 Rg8 28. Kf3 Bd6 29. Nd3 e5 30. Ne1 e4+ 31. Ke2 f4 32. Rc3 f5 33. exf4 Bxf4 34. g3 Bd6 35. Ng2 Bb4 36. Rc1 Bd6 37. Rc2 b5 38. Rc1 Rf8 39. Ke3 b4 40. Nf4 Rb8 41. Nxd5 Rb5 42. Nf4 Ra5 43. Ra1 b3 44. a3 Ra4 45. Rc1 Ra6 46. Rc3 Rb6 47. Ne2 Bxa3 0-1

[Event "Gibraltar Masters 17th"]
[Site "Caleta"]
[Date "2019.01.31"]
[Round "10"]
[White "Fenollar Jorda, Manuel"]
[Black "Harika, Dronavalli"]
[Result "0-1"]
[WhiteElo "2342"]
[BlackElo "2471"]
[PlyCount "150"]
[EventDate "2019.01.22"]
[EventType "swiss"]
[EventRounds "10"]
[EventCountry "GGB"]
[SourceTitle "CBM 188 Extra"]
[Source "ChessBase"]
[SourceDate "2019.02.26"]
[SourceVersion "1"]
[SourceVersionDate "2019.02.26"]
[SourceQuality "1"]

1. d4 d5 2. Bf4 e6 3. e3 Nf6 4. Nf3 Bd6 5. Bg3 c5 6. c3 Qc7 7. Nbd2 Nbd7 8. Bd3 0-0 9. 0-0 e5 10. dxe5 Nxe5 11. Nxe5 Bxe5 12. e4 Bxg3 13. hxg3 Bg4 14. Qb1 c4 15. Bc2 Rae8 16. Re1 Re5 17. exd5 Rxe1+ 18. Qxe1 Re8 19. Qc1 Qc5 20. Nf1 Qxd5 21. Qf4 Qb5 22. b3 Qa5 23. Qxc4 Rc8 24. Qd4 Qxc3 25. Qxc3 Rxc3 26. Bd1 h5 27. f3 Be6 28. Kf2 Nd5 29. Ke2 Bf5 30. Kd2 b5 31. Rc1 Rxc1 32. Kxc1 Bd3 33. Nh2 b4 34. Bc2 Bb5 35. Kd2 Kf8 36. Bd3 Bd7 37. Nf1 Ke7 38. Ne3 Nb6 39. Ba6 Kd6 40. Nc4+ Nxc4+ 41. Bxc4 Be6 42. Kd3 Bf5+ 43. Kd4 Bg6 44. Bd5 f6 45. Be4 Bf7 46. Ba8 a5 47. Be4 g5 48. f4 Be6 49. fxg5 fxg5 50. Bf3 Bf7 51. Be4 Be6 52. Bf3 Bf7 53. Be4 h4 54. gxh4 gxh4 55. Bf3 Bg6 56. Be4 Bh5 57. Ba8 Bd1 58. Be4 Be2 59. Ba8 Bf1 60. Be4 Ke6 61. Ke3 Ke5 62. Bc6 Ba6 63. Ba8 Bc8 64. Be4 Be6 65. Kd3 Bc8 66. Ke3 Bd7 67. Bf3 Bf5 68. Be2 Be4 69. Bf3 Bb1 70. Bd1 Kf5 71. Kf3 Be4+ 72. Kf2 Kf4 73. Be2 Bb1 74. Bd1 Ke4 75. Ke2 Kd4 0-1

[Event "Gibraltar Masters 17th"]
[Site "Caleta"]
[Date "2019.01.29"]
[Round "8"]
[White "Fenollar Jorda, Manuel"]
[Black "Lim, Zhuo Ren"]
[Result "1/2-1/2"]
[WhiteElo "2342"]
[BlackElo "2178"]
[PlyCount "54"]
[EventDate "2019.01.22"]
[EventType "swiss"]
[EventRounds "10"]
[EventCountry "GGB"]
[SourceTitle "CBM 188 Extra"]
[Source "ChessBase"]
[SourceDate "2019.02.26"]
[SourceVersion "1"]
[SourceVersionDate "2019.02.26"]
[SourceQuality "1"]

1. d4 Nf6 2. Nf3 d5 3. Bf4 c5 4. e3 Nc6 5. Nbd2 e6 6. c3 cxd4 7. exd4 Nh5 8. Be3 Bd6 9. Ne5 g6 10. Ndf3 f6 11. Nd3 Ng7 12. Bf4 0-0 13. Bxd6 Qxd6 14. Be2 e5 15. dxe5 fxe5 16. Nc1 Bg4 17. 0-0 Rad8 18. Nb3 Nh5 19. Ne1 Bxe2 20. Qxe2 Nf4 21. Qd2 Qf6 22. Nd3 Nxg2 23. Kxg2 Qf3+ 24. Kg1 Qg4+ 25. Kh1 Qf3+ 26. Kg1 Qg4+ 27. Kh1 Qf3+ 1/2-1/2

[Event "Gibraltar Masters 17th"]
[Site "Caleta"]
[Date "2019.01.26"]
[Round "5"]
[White "Pogonina, Natalija"]
[Black "Fenollar Jorda, Manuel"]
[Result "1-0"]
[WhiteElo "2465"]
[BlackElo "2342"]
[PlyCount "79"]
[EventDate "2019.01.22"]
[EventType "swiss"]
[EventRounds "10"]
[EventCountry "GGB"]
[SourceTitle "CBM 188 Extra"]
[Source "ChessBase"]
[SourceDate "2019.02.26"]
[SourceVersion "1"]
[SourceVersionDate "2019.02.26"]
[SourceQuality "1"]

1. d4 d5 2. c4 c6 3. Nf3 Nf6 4. Nbd2 e6 5. g3 Nbd7 6. Bg2 Be7 7. 0-0 0-0 8. Qc2 b6 9. e4 Bb7 10. e5 Ne8 11. cxd5 cxd5 12. Re1 Ba6 13. Nf1 Rc8 14. Qd1 b5 15. h4 Nc7 16. Bg5 Nb6 17. N1h2 Nc4 18. Rb1 Kh8 19. Bh3 Na8 20. Bf1 Rc6 21. Bxe7 Qxe7 22. Bd3 Nab6 23. Ng5 g6 24. Ng4 Nd7 25. Qe2 Kg7 26. b3 Na3 27. Rbc1 Rfc8 28. Qd2 h5 29. Rxc6 Rxc6 30. Ne3 b4 31. Bxa6 Rxa6 32. Nc2 Rb6 33. Nxa3 bxa3 34. Re3 Rb8 35. Rf3 Rf8 36. Qc2 Nb6 37. Rf6 Qe8 38. Nxf7 Qxf7 39. Rxf7+ Rxf7 40. Qc5 1-0

[Event "Sueca op 3rd"]
[Site "Sueca"]
[Date "2017.07.27"]
[Round "5"]
[White "Sanchez Jerez, Emilio Miguel"]
[Black "Fenollar Jorda, Manuel"]
[Result "1-0"]
[WhiteElo "2216"]
[BlackElo "2335"]
[PlyCount "157"]
[EventDate "2017.07.24"]
[EventType "swiss"]
[EventRounds "8"]
[EventCountry "ESP"]
[SourceTitle "CBM 179 Extra"]
[Source "ChessBase"]
[SourceDate "2017.08.23"]
[SourceVersion "1"]
[SourceVersionDate "2017.08.23"]
[SourceQuality "1"]

1. g3 d5 2. Bg2 Nf6 3. d3 e5 4. c4 dxc4 5. Qa4+ c6 6. Qxc4 Be6 7. Qc2 Nbd7 8. Nf3 h6 9. 0-0 Be7 10. Nbd2 0-0 11. Nc4 Qc7 12. d4 Bxc4 13. Qxc4 exd4 14. Nxd4 Qa5 15. Nb3 Qb4 16. Qxb4 Bxb4 17. a3 Bd6 18. Na5 Rab8 19. b4 Bc7 20. Be3 Nd5 21. Bxd5 cxd5 22. Rfd1 Nb6 23. Rac1 Be5 24. Bd4 Bxd4 25. Rxd4 Rfc8 26. Rc5 Rxc5 27. bxc5 Nc4 28. Nxc4 dxc4 29. Rxc4 Rc8 30. Kg2 Kf8 31. Kf3 Ke7 32. Ke4 Kd7 33. Kd5 Kc7 34. Re4 Kd7 35. h4 Rc6 36. h5 Rf6 37. f4 Ra6 38. Rb4 Kc7 39. a4 b6 40. cxb6+ axb6 41. g4 Ra5+ 42. Ke4 Kc6 43. Rc4+ Kd6 44. Rd4+ Kc6 45. e3 b5 46. axb5+ Rxb5 47. Rd8 Rb7 48. g5 Re7+ 49. Kf3 hxg5 50. fxg5 f6 51. g6 Kc7 52. Rf8 Kd6 53. Rxf6+ gxf6 54. h6 Ke6 55. h7 Re8 56. g7 Kf7 57. h8Q Rg8 58. Qh5+ Kxg7 59. Kf4 Ra8 60. Qg4+ Kf7 61. Qd7+ Kg6 62. Qd3+ Kg7 63. Kf5 Ra5+ 64. Kf4 Re5 65. Qd4 Rg5 66. Qd7+ Kg6 67. Qe8+ Kg7 68. Qe7+ Kg6 69. Qe8+ Kg7 70. e4 Ra5 71. Qe7+ Kg6 72. Qf8 Ra1 73. Qg8+ Kh6 74. Kf5 Rf1+ 75. Ke6 Rf4 76. Kf7 Kh5 77. Qg6+ Kh4 78. Qxf6+ Kg4 79. e5 1-0

[Event "Sueca op 3rd"]
[Site "Sueca"]
[Date "2017.07.26"]
[Round "3"]
[White "Fenollar Jorda, Manuel"]
[Black "Silva Rodriguez, Fernando"]
[Result "1/2-1/2"]
[WhiteElo "2335"]
[BlackElo "2216"]
[PlyCount "126"]
[EventDate "2017.07.24"]
[EventType "swiss"]
[EventRounds "8"]
[EventCountry "ESP"]
[SourceTitle "CBM 179 Extra"]
[Source "ChessBase"]
[SourceDate "2017.08.23"]
[SourceVersion "1"]
[SourceVersionDate "2017.08.23"]
[SourceQuality "1"]

1. d4 d5 2. Nf3 Nf6 3. e3 c5 4. c3 e6 5. Bd3 Nc6 6. Nbd2 Bd6 7. 0-0 0-0 8. dxc5 Bxc5 9. e4 Qc7 10. Qe2 b6 11. b4 Bd6 12. Bb2 Bb7 13. c4 Ne5 14. cxd5 Nxd3 15. Qxd3 Bxb4 16. d6 Qd8 17. e5 Nd7 18. Ne4 Nc5 19. Nxc5 Bxc5 20. Bd4 Rc8 21. Rac1 f6 22. Bxc5 bxc5 23. Qe3 fxe5 24. Rxc5 Rxc5 25. Qxc5 Rxf3 26. Qxe5 Rf6 27. Rc1 Bd5 28. Rc7 Rf7 29. h3 Rxc7 30. dxc7 Qd7 31. a4 Bb7 32. f3 Kf7 33. a5 Qc6 34. h4 Bc8 35. Qf4+ Ke8 36. Qe5 Ke7 37. Qxg7+ Kd6 38. Qxh7 Bd7 39. Qg7 Qxc7 40. h5 Qxa5 41. Qd4+ Ke7 42. Qg7+ Kd6 43. Qd4+ Ke7 44. h6 Qe1+ 45. Kh2 e5 46. Qc4 Be6 47. Qc7+ Bd7 48. Qxa7 Qh4+ 49. Kg1 Qe1+ 50. Kh2 Qh4+ 51. Kg1 Qxh6 52. Qc5+ Qd6 53. Qc2 Kf6 54. Qc1 Qd4+ 55. Kh2 Qh4+ 56. Kg1 Be6 57. Qc7 Qd4+ 58. Kh2 Qf4+ 59. Kh1 Qh6+ 60. Kg1 Qe3+ 61. Kh1 Qe1+ 62. Kh2 Qh4+ 63. Kg1 Qe1+ 1/2-1/2

[Event "Xativa Murta op 3rd"]
[Site "Xativa"]
[Date "2017.07.19"]
[Round "4"]
[White "Fenollar Jorda, Manuel"]
[Black "Cruz Lledo, Pablo"]
[Result "0-1"]
[WhiteElo "2335"]
[BlackElo "2448"]
[PlyCount "60"]
[EventDate "2017.07.17"]
[EventType "swiss"]
[EventRounds "7"]
[EventCountry "ESP"]
[SourceTitle "CBM 179 Extra"]
[Source "ChessBase"]
[SourceDate "2017.08.23"]
[SourceVersion "1"]
[SourceVersionDate "2017.08.23"]
[SourceQuality "1"]

1. d4 d5 2. Bf4 Nf6 3. e3 e6 4. Bd3 Bd6 5. Bg3 0-0 6. Nd2 b6 7. c3 Bb7 8. Qb1 c5 9. Ngf3 Nc6 10. 0-0 Ne7 11. dxc5 bxc5 12. e4 Bxg3 13. hxg3 Ng6 14. exd5 exd5 15. c4 Rb8 16. cxd5 Qxd5 17. Bc4 Qh5 18. Rc1 Ng4 19. Nf1 Bxf3 20. gxf3 N4e5 21. Nh2 Rfd8 22. f4 Rd2 23. fxe5 Rbxb2 24. g4 Qh4 25. Bxf7+ Kf8 26. Qf5 Rxf2 27. Qc8+ Kxf7 28. e6+ Kf6 29. Qd8+ Ne7 30. Qf8+ Kg6 0-1

[Event "Xativa Murta op 3rd"]
[Site "Xativa"]
[Date "2017.07.19"]
[Round "3"]
[White "Fenollar Jorda, Manuel"]
[Black "Silva Rodriguez, Fernando"]
[Result "1-0"]
[WhiteElo "2335"]
[BlackElo "2216"]
[PlyCount "127"]
[EventDate "2017.07.17"]
[EventType "swiss"]
[EventRounds "7"]
[EventCountry "ESP"]
[SourceTitle "CBM 179 Extra"]
[Source "ChessBase"]
[SourceDate "2017.08.23"]
[SourceVersion "1"]
[SourceVersionDate "2017.08.23"]
[SourceQuality "1"]

1. d4 d5 2. Bf4 Nf6 3. e3 c5 4. c3 Nc6 5. Nd2 cxd4 6. exd4 Bf5 7. Ngf3 e6 8. Qb3 Qc8 9. Ne5 Be7 10. Nxc6 bxc6 11. Qa4 a5 12. Nf3 Nd7 13. Qd1 0-0 14. Bd3 Bg6 15. Bxg6 hxg6 16. h4 Re8 17. h5 e5 18. Nxe5 g5 19. Bg3 Bf6 20. 0-0 Nxe5 21. dxe5 Bxe5 22. Bxe5 Rxe5 23. Re1 Rxe1+ 24. Qxe1 Qg4 25. Qd1 Qe4 26. Qe1 Qg4 27. Qe7 Qxh5 28. Qb7 Re8 29. Qxc6 Re6 30. Qxd5 Rh6 31. Qd8+ Kh7 32. Qd3+ Kg8 33. Qd8+ Kh7 34. Qd3+ Kg8 35. Qh3 Qe2 36. Qc8+ Kh7 37. Qf5+ Kg8 38. Qxa5 g4 39. Qd8+ Kh7 40. Rd1 Qe5 41. Qd3+ g6 42. Qd5 Qf6 43. Qd7 Qf4 44. Qd6 Qf5 45. Qd7 Qf4 46. Qd6 Qf5 47. a4 Qh5 48. Kf1 g3 49. fxg3 g5 50. Qd3+ Kg7 51. Qd4+ Kh7 52. Kf2 g4 53. Re1 Qg5 54. Qe4+ Rg6 55. Kg1 Qc5+ 56. Qd4 Qf5 57. b4 Qh5 58. Re8 Rg7 59. Qe4+ f5 60. Qe5 Qg5 61. Qe3 Qf6 62. Re6 Qf7 63. Rh6+ Kg8 64. Qe6 1-0

[Event "Xativa Murta op 2nd"]
[Site "Xativa"]
[Date "2016.08.22"]
[Round "1"]
[White "Fenollar Jorda, Manuel"]
[Black "Sisternes Morales, Francisco"]
[Result "1-0"]
[WhiteElo "2338"]
[BlackElo "1782"]
[PlyCount "65"]
[EventDate "2016.08.22"]
[EventType "swiss"]
[EventRounds "9"]
[EventCountry "ESP"]
[SourceTitle "CBM 174 Extra"]
[Source "ChessBase"]
[SourceDate "2016.10.10"]
[SourceVersion "1"]
[SourceVersionDate "2016.10.10"]
[SourceQuality "1"]

1. d4 d5 2. Nf3 Nc6 3. Bf4 Nf6 4. c4 Bg4 5. e3 Nh5 6. cxd5 Qxd5 7. Bxc7 Rc8 8. Nc3 Bxf3 9. gxf3 Qd7 10. Bg3 e6 11. Rc1 Bb4 12. Be2 Nf6 13. a3 Bxc3+ 14. Rxc3 0-0 15. 0-0 Nh5 16. Qc2 Nxg3 17. hxg3 Ne7 18. Rc1 Rxc3 19. bxc3 Rc8 20. Qb3 b6 21. f4 Qc6 22. Qb5 Qe4 23. Qd7 Kf8 24. Ba6 Rb8 25. Qc7 Qa8 26. c4 g6 27. e4 Rd8 28. d5 Qb8 29. d6 Ng8 30. e5 Nh6 31. c5 Nf5 32. Qxb8 Rxb8 33. c6 1-0

[Event "Sueca op 2nd"]
[Site "Sueca"]
[Date "2016.07.28"]
[Round "5.4"]
[White "Fenollar Jorda, Manuel"]
[Black "Diaz Benitez, Ricardo"]
[Result "1-0"]
[WhiteElo "2338"]
[BlackElo "1988"]
[PlyCount "79"]
[EventDate "2016.07.25"]
[EventType "swiss"]
[EventRounds "8"]
[EventCountry "ESP"]
[SourceTitle "EXT 2024"]
[Source "ChessBase"]
[SourceDate "2023.10.10"]
[SourceVersion "1"]
[SourceVersionDate "2023.10.10"]
[SourceQuality "1"]

1. d4 d6 2. Nf3 Nf6 3. c4 Nbd7 4. Nc3 e5 5. e4 Be7 6. Be2 0-0 7. h3 a5 8. Be3 Re8 9. 0-0 Bf8 10. d5 Nc5 11. Nd2 g6 12. b3 Bg7 13. a3 Bd7 14. b4 axb4 15. axb4 Rxa1 16. Qxa1 Na6 17. Qa3 Nh5 18. Bxh5 gxh5 19. c5 Nb8 20. Qa7 Qc8 21. Kh2 f5 22. f3 f4 23. Bf2 Bf6 24. Rc1 Qd8 25. cxd6 cxd6 26. Nc4 Re7 27. Nxd6 Bxh3 28. Nxb7 Qc8 29. Nd6 Qd8 30. Qb6 Qxb6 31. Bxb6 Bd7 32. Bd8 Bh4 33. Bxe7 Bxe7 34. Ncb5 Na6 35. Ra1 Bxb5 36. Nxb5 Nxb4 37. Ra4 Nd3 38. d6 Bh4 39. d7 Nf2 40. d8Q+ 1-0

[Event "Alicante-ch (Women) and Seniors"]
[Site "Altea"]
[Date "2016.04.23"]
[Round "5"]
[White "Montalban Galvez, Antonio"]
[Black "Fenollar Jorda, Manuel"]
[Result "0-1"]
[WhiteElo "2226"]
[BlackElo "2339"]
[PlyCount "190"]
[EventDate "2016.04.02"]
[EventType "swiss"]
[EventRounds "7"]
[EventCountry "ESP"]
[SourceTitle "EXT 2024"]
[Source "ChessBase"]
[SourceDate "2023.10.10"]
[SourceVersion "1"]
[SourceVersionDate "2023.10.10"]
[SourceQuality "1"]

1. Nf3 d5 2. d4 e6 3. c4 Nf6 4. g3 Bb4+ 5. Bd2 Be7 6. Qc2 0-0 7. Bg2 c6 8. 0-0 Nbd7 9. Bf4 Nh5 10. Bc1 f5 11. Nbd2 Bd6 12. b3 Qe7 13. Bb2 b6 14. Ne5 Bb7 15. f4 Rac8 16. Rac1 Nhf6 17. e3 Rfd8 18. Qb1 Bb4 19. Bc3 Nxe5 20. fxe5 Ne4 21. Nxe4 dxe4 22. Bxb4 Qxb4 23. Qb2 Qe7 24. c5 Ba6 25. Rfe1 Bd3 26. Bf1 Bxf1 27. Rxf1 b5 28. Qe2 Qg5 29. Kh1 h5 30. Ra1 Rb8 31. b4 a5 32. bxa5 Ra8 33. a4 Rxa5 34. axb5 Rxb5 35. Qc4 Re8 36. Qc3 Reb8 37. Qc4 Re8 38. Qc3 h4 39. gxh4 Qxh4 40. Ra7 Kh8 41. Qe1 Qh6 42. Qg3 Reb8 43. Rg1 Rb1 44. Qxg7+ Qxg7 45. Raxg7 f4 46. exf4 e3 47. Rg8+ Rxg8 48. Rxb1 Rg4 49. Re1 Rxf4 50. Rxe3 Rxd4 51. Rf3 Rd5 52. Rf7 Rxe5 53. Rc7 Rxc5 54. Re7 Re5 55. Rc7 c5 56. Kg2 Kg8 57. Kf3 Kf8 58. Kf4 Rf5+ 59. Ke4 Rh5 60. Ra7 Ke8 61. Ra5 Ke7 62. Ra2 Kf6 63. Rf2+ Rf5 64. Rc2 Rd5 65. Rf2+ Ke7 66. Ra2 Rh5 67. Ra5 Rh4+ 68. Ke5 Rh5+ 69. Ke4 Kf6 70. Rb5 Rh4+ 71. Ke3 c4 72. Rc5 Rh3+ 73. Ke4 Rxh2 74. Ke3 c3 75. Kd3 c2 76. Ke3 Ke7 77. Ke4 Kd6 78. Rc8 Rh4+ 79. Kd3 Kd5 80. Rd8+ Ke5 81. Kxc2 Rd4 82. Rh8 Rd7 83. Re8 Kf5 84. Rh8 e5 85. Rh1 Kf4 86. Rf1+ Kg3 87. Re1 Rd5 88. Kc3 Kf2 89. Re4 Kf3 90. Rh4 e4 91. Kc2 e3 92. Rh3+ Kf2 93. Rh2+ Kg3 94. Re2 Kf3 95. Rh2 e2 0-1

[Event "Alicante-ch (Women) and Seniors"]
[Site "Altea"]
[Date "2016.04.02"]
[Round "1"]
[White "Campos Busquiel, Alejandro"]
[Black "Fenollar Jorda, Manuel"]
[Result "0-1"]
[WhiteElo "1838"]
[BlackElo "2339"]
[PlyCount "84"]
[EventDate "2016.04.02"]
[EventType "swiss"]
[EventRounds "7"]
[EventCountry "ESP"]
[SourceTitle "EXT 2024"]
[Source "ChessBase"]
[SourceDate "2023.10.10"]
[SourceVersion "1"]
[SourceVersionDate "2023.10.10"]
[SourceQuality "1"]

1. e4 e5 2. Nf3 Nc6 3. Bb5 a6 4. Ba4 Nf6 5. d3 b5 6. Bb3 Bc5 7. c3 d6 8. 0-0 Bb6 9. Re1 0-0 10. Nbd2 Nh5 11. Bd5 Bd7 12. Nf1 Qf6 13. Be3 Rab8 14. Bxb6 Rxb6 15. Bxc6 Bxc6 16. Ne3 Nf4 17. g3 Nxd3 18. Ng4 Qg6 19. Nh4 Qg5 20. Nh6+ Qxh6 21. Qxd3 Qe6 22. Nf5 Rbb8 23. Qe3 g6 24. Nh4 f5 25. f3 Rf7 26. exf5 gxf5 27. b3 Kh8 28. Kf2 Qf6 29. Rad1 f4 30. Qe2 Rbf8 31. Rf1 fxg3+ 32. hxg3 Bxf3 33. Nxf3 Qxf3+ 34. Qxf3 Rxf3+ 35. Ke2 Rxf1 36. Rxf1 Rxf1 37. Kxf1 Kg7 38. c4 bxc4 39. bxc4 Kf6 40. Ke2 Kf5 41. Ke3 Kg4 42. Kf2 h5 0-1

[Event "Gibraltar Masters 12th"]
[Site "Caleta"]
[Date "2014.02.01"]
[Round "5"]
[White "Fenollar Jorda, Manuel"]
[Black "Spence, David"]
[Result "0-1"]
[WhiteElo "2419"]
[BlackElo "2218"]
[PlyCount "34"]
[EventDate "2014.01.28"]
[EventType "swiss"]
[EventRounds "10"]
[EventCountry "GGB"]
[SourceTitle "CBM 159"]
[Source "ChessBase"]
[SourceDate "2014.03.17"]
[SourceVersion "1"]
[SourceVersionDate "2014.03.17"]
[SourceQuality "1"]

1. d4 e6 2. c4 Nf6 3. Nc3 Bb4 4. e3 b6 5. Nge2 Ne4 6. Qb3 Bxc3+ 7. Nxc3 Bb7 8. Nxe4 Bxe4 9. f3 Bb7 10. e4 f5 11. exf5 Qh4+ 12. Kd1 Qxd4+ 13. Qd3 Qxd3+ 14. Bxd3 0-0 15. fxe6 Rxf3 16. Re1 Rxd3+ 17. Kc2 Rd4 0-1

[Event "Gibraltar Masters 12th"]
[Site "Caleta"]
[Date "2014.01.31"]
[Round "4"]
[White "Kenney, Jason"]
[Black "Fenollar Jorda, Manuel"]
[Result "1/2-1/2"]
[WhiteElo "2112"]
[BlackElo "2419"]
[PlyCount "96"]
[EventDate "2014.01.28"]
[EventType "swiss"]
[EventRounds "10"]
[EventCountry "GGB"]
[SourceTitle "CBM 159"]
[Source "ChessBase"]
[SourceDate "2014.03.17"]
[SourceVersion "1"]
[SourceVersionDate "2014.03.17"]
[SourceQuality "1"]

1. c4 e6 2. g3 d5 3. Nf3 Nf6 4. Bg2 Be7 5. 0-0 c6 6. b3 0-0 7. d3 a5 8. a3 Nbd7 9. Bb2 Nb6 10. Nbd2 c5 11. d4 dxc4 12. dxc5 Bxc5 13. Qc2 Qe7 14. Nxc4 Nxc4 15. Qxc4 b6 16. Qc2 Ra7 17. Be5 h6 18. Qb2 Bb7 19. b4 axb4 20. axb4 Rxa1 21. Rxa1 Bxf3 22. Bxf3 Bxb4 23. Ra4 Bc5 24. Rh4 Rd8 25. Qc1 Bd6 26. Bd4 b5 27. Be3 Ba3 28. Qc6 Qd7 29. Qa6 b4 30. Bc5 Qd2 31. Kg2 Qc3 32. Qa5 Rb8 33. Bd6 Rc8 34. Bxb4 Bxb4 35. Qxb4 Qc1 36. Rd4 Qa1 37. Rc4 Rd8 38. Qc3 Qa6 39. Rc6 Qa2 40. Rc8 Rxc8 41. Qxc8+ Kh7 42. Qc6 g5 43. Qc3 Kg6 44. Qd3+ Kg7 45. Qc3 Qb1 46. g4 Kg6 47. Qe5 Qb4 48. h3 Qc4 1/2-1/2